000 00587nam a2200205Ia 4500
003 GCL
008 140319s9999 xx 000 0 eng d
040 _aGCL /
_cGCL
082 0 4 _a547
_bW S
100 1 _aWILLIAMS, D.D.
245 1 0 _aSPECTROSCOPIC METHODS IN ORGANIC CHEMISTRY, 4TH ED. /
_cWILLIAMS, D.D.
700 1 _aFLEMING, IAN
260 _a[S.N] :
_bTATA MCGRAW - HILL PUBLISHING COMPANY LT ،
_c1988
300 _a246 P
650 0 4 _aORGANIC CHEMISTRY
650 0 4 _aORGANIC COMPOUNDS
650 0 4 _aINFRARED SPECTRA
650 0 4 _aMOLECULAR SPECTROSCOPY
942 _2ddc
_cBK
999 _c20539
_d20539